Agile working will keep office landlords on their toes (Record no. 83788)

MARC details
000 -LEADER
fixed length control field 00945cab a22001935a 4500
001 - CONTROL NUMBER
control field L155029
008 - FIXED-LENGTH DATA ELEMENTS--GENERAL INFORMATION
fixed length control field 120220e2012 xxk 000 0 eng d
035 ## - SYSTEM CONTROL NUMBER
System control number (Sirsi) u155029
041 0# - LANGUAGE CODE
Language code of text/sound track or separate title eng
100 1# - MAIN ENTRY--PERSONAL NAME
Personal name Hunter, Rachel
245 00 - TITLE STATEMENT
Title Agile working will keep office landlords on their toes
260 ## - PUBLICATION, DISTRIBUTION, ETC.
Date of publication, distribution, etc. 2012
490 #0 - SERIES STATEMENT
Series statement Property Week
Volume/sequential designation 78(07) 17 February 2012, 60(1)
520 ## - SUMMARY, ETC.
Summary, etc. At the recent CoreNet Global UK summit, top occupiers discussed how they are slimming their property portfolios to respond to the tougher economic reality. Agile working is a key strategy where employees can work at their preferred time and space as long as they get the job done, a concep really embraced by the public sector. Flexible working practices allow businesses to retain staff but consolidate space, gaining 20-30% in efficiency savings.
590 ## - LOCAL NOTE (RLIN)
Local note KA
651 #4 - SUBJECT ADDED ENTRY--GEOGRAPHIC NAME
Geographic name United Kingdom
Chronological subdivision
690 ## - LOCAL SUBJECT ADDED ENTRY--TOPICAL TERM (OCLC, RLIN)
Topical term or geographic name as entry element Facilities management
9 (RLIN) 6240
942 ## - ADDED ENTRY ELEMENTS (KOHA)
Suppress in OPAC 0
Holdings
Withdrawn status Lost status Source of classification or shelving scheme Damaged status Not for loan Home library Current library Shelving location Date acquired Total Checkouts Full call number Barcode Date last seen Price effective from Koha item type
    Dewey Decimal Classification     London London Journal article 20/02/2012   L155029 155029-1001 06/08/2019 06/08/2019 Journal